00710nam a2200121Ia 4500008004100000082002000041100001900061245015500080260003700235365000600272630015500278730015500433100415s9999 xx 000 0 und d b347a598.2(498) aSwann H Kirke aTwo Ornithologists on the Lower Danube : Being A Record of A Journey to the Dobrogea and the Danube Delta With a Systematic List of the Birds Observed aLONDONc1925bWHELDON AND WESLEY b0 aTwo Ornithologists on the Lower Danube : Being A Record of A Journey to the Dobrogea and the Danube Delta With a Systematic List of the Birds Observed aTwo Ornithologists on the Lower Danube : Being A Record of A Journey to the Dobrogea and the Danube Delta With a Systematic List of the Birds Observed